000 00368nam a2200145Ia 4500
008 230917s9999||||xx |||||||||||||| ||und||
040 _e76783
_aMAIN
041 _aEnglish
082 _a658.3 S74P
100 _aSarma, A M
245 0 _aPersonnel and human resource management
260 _aBombay
_bHimalaya Publishing House
_c1995
300 _a216 p.
942 _cBK
999 _c67195
_d67195